000 00730cam a22002413a 4500
001 719
003 PGUSA
005 20140828082952.0
008 961101s1996||||xxu|||||s|||||000 | eng d
040 _aPGUSA
_beng
042 _adc
050 4 _aPR
100 1 _aStevenson, Robert Louis,
_d1850-1894
245 1 4 _aThe Plays of W. E. Henley and R. L. Stevenson
_h[electronic resource] /
_cRobert Louis Stevenson
260 _bProject Gutenberg,
_c1996
505 0 _aDeacon Brodie -- Beau Austin -- Admiral Guinea -- Robert Macaire.
506 _aPublic domain in the USA.
516 _aElectronic text
653 _aDrama
830 0 _aProject Gutenberg
_v719
856 4 0 _uhttp://www.gutenberg.org/ebooks/719
942 _cEB
999 _c230070
_d230070